00258nam a22000857a 4500082001500000100002500015245006800040260004300108300002100151 a342.954106 aJanjua, Zia-Ul-Islam aManual of Civil Service Laws in Pakistan /cZia-Ul-Islam Janjua aLahore :bNational Law Reporter,cN.D. a1296 p. ;c24cm.